Normal view
MARC view
- IMAGE PROCESSING, SOFTWARE ENGINEERING
Entry Topical Term
001 - CONTROL NUMBER
- control field: 68579
003 - CONTROL NUMBER IDENTIFIER
- control field: NUST
005 - DATE AND TIME OF LATEST TRANSACTION
- control field: 20210628204054.0
008 - FIXED-LENGTH DATA ELEMENTS
- fixed length control field: 210628|| aca||aabn | a|a d
040 ## - CATALOGING SOURCE
- Original cataloging agency: NUST
- Transcribing agency: NUST
150 ## - HEADING--TOPICAL TERM
- Topical term or geographic name entry element: IMAGE PROCESSING, SOFTWARE ENGINEERING
670 ## - SOURCE DATA FOUND
- Source citation: Work cat.: (NUST): Laplante, Phillip A 55695, Software engineering for image processing systems, 2004
